000 00753cam a22002417i 4500
001 17604735
003 OSt
005 20150408114217.0
008 130128s2013 ohua g b 001 0 eng d
020 _a1627080023
020 _a9781627080026
040 _aMa-Un
082 0 0 _222
_a620.11
_bHWE
100 1 _aHosford, William F.
_912242
245 1 0 _aElementary materials science /
_cWilliam F. Hosford.
260 _aMaterials Park, Ohio :
_bASM International,
_c2013
300 _avi, 180 p. :
_bill. ;
_c26 cm.
504 _aIncludes bibliographical references and index.
650 _aMaterials science
_vTextbooks
_944952
942 _2ddc
_cBOOK
999 _c35007
_d269507